000 00574nam a22001817a 4500
005 20250221174651.0
008 250221b |||||||| |||| 00| 0 eng d
020 _a0815151497
050 _aRD571
_b.B55
245 _aBladder Reconstruction and Continent Urinary Diversion/
_cedited by Lowell R. King, Anthony R. Stone & George D. Webster
250 _a2nd ed.
260 _aSt. Louis
_bMosby Year Book
_c1991
300 _axv. 432p.
_bill.
_c26cm
700 _aKing, Lowell R.
700 _aStone, Anthony R.
700 _aWebster, George D.
942 _2lcc
_cBK
_e2nd ed.
_n0
999 _c4052
_d4052